000 00522nam a2200181Ia 4500
003 GCL
008 140319s9999 xx 000 0 ara d
040 _aGCL /
_cGCL
082 0 4 _a301.412
_bم ب
100 1 _aبشرى قبيس
245 1 0 _aالمرأة فى التاريخ والمجتمع /
_cبشرى قبيس
300 _a179 ص
490 _a
650 0 4 _aالمرأة فى الحياة العامة
650 0 4 _aالمرأة فى التاريخ
650 0 4 _aالمرأة العربية
942 _2ddc
_cBK
999 _c38572
_d38572